00394pab a2200133 454500008004000000100002500040245008900065260000900154300001600163362001100179650002200190650001400212773003400226180718b2005 xxu||||| |||| 00| 0 eng d aSingha Roy, Debal K. aPeasant movements in contemporary India: emerging forms of domination and resistance c2005 ap.5505-513. a24 Dec aPeasantry - India aPeasantry aEconomic and Political Weekly